Marvel Or Dc Characters #2 - Statistics

General Stats
  • This quiz has been taken 260 times
  • The average score is 14 of 15
Answer Stats
Question Answer % Correct
Joker DC
100%
Aquaman DC
99%
Miles Morales Marvel
99%
Scarlet Witch Marvel
99%
Black Panther Marvel
99%
Quick Silver Marvel
98%
Bane DC
95%
Cyborg DC
95%
Darkseid DC
94%
Dr Doom Marvel
94%
Namor Marvel
93%
Trigon DC
92%
Abomination Marvel
90%
X-23 Marvel
88%
The Beyonder Marvel
56%
No matching quizzes found
Score Distribution
Percent of People with Each Score
Percentile by Number Answered
Your Score History
You have not taken this quiz